<?xml version="1.0" encoding="UTF-8"?>
<record
    xmlns:xsi="http://www.w3.org/2001/XMLSchema-instance"
    xsi:schemaLocation="http://www.loc.gov/MARC21/slim http://www.loc.gov/standards/marcxml/schema/MARC21slim.xsd"
    xmlns="http://www.loc.gov/MARC21/slim">

  <leader>00606nam a2200205Ia 4500</leader>
  <controlfield tag="005">20220209161537.0</controlfield>
  <controlfield tag="008">210716s2016    xx            000 0 und d</controlfield>
  <datafield tag="020" ind1=" " ind2=" ">
    <subfield code="a">9780230330528</subfield>
  </datafield>
  <datafield tag="040" ind1=" " ind2=" ">
    <subfield code="c">AIMIT LIBRARY</subfield>
  </datafield>
  <datafield tag="041" ind1=" " ind2=" ">
    <subfield code="a">eng</subfield>
  </datafield>
  <datafield tag="082" ind1=" " ind2=" ">
    <subfield code="a">332.12 </subfield>
    <subfield code="2">1</subfield>
    <subfield code="b">KULP</subfield>
  </datafield>
  <datafield tag="100" ind1=" " ind2=" ">
    <subfield code="a">Kulkarni, P R.</subfield>
    <subfield code="9">18752</subfield>
  </datafield>
  <datafield tag="245" ind1=" " ind2=" ">
    <subfield code="a">Co-operative banking /</subfield>
    <subfield code="c">By P R Kulkarni.</subfield>
  </datafield>
  <datafield tag="250" ind1=" " ind2=" ">
    <subfield code="a">1st ed.</subfield>
  </datafield>
  <datafield tag="260" ind1=" " ind2=" ">
    <subfield code="a">New Delhi :</subfield>
    <subfield code="b">Macmillan India Ltd ,</subfield>
    <subfield code="c">2016.</subfield>
  </datafield>
  <datafield tag="300" ind1=" " ind2=" ">
    <subfield code="a">xiv,420p. ;</subfield>
    <subfield code="c">24 cm.</subfield>
  </datafield>
  <datafield tag="650" ind1=" " ind2=" ">
    <subfield code="a">Principles and Laws.</subfield>
    <subfield code="9">18808</subfield>
  </datafield>
  <datafield tag="650" ind1=" " ind2=" ">
    <subfield code="a">Technology and risk Management.</subfield>
    <subfield code="9">18809</subfield>
  </datafield>
  <datafield tag="942" ind1=" " ind2=" ">
    <subfield code="2">ddc</subfield>
    <subfield code="c">BK</subfield>
    <subfield code="e">1st</subfield>
    <subfield code="k">332.12 KULP</subfield>
  </datafield>
  <datafield tag="999" ind1=" " ind2=" ">
    <subfield code="c">210170</subfield>
    <subfield code="d">210170</subfield>
  </datafield>
  <datafield tag="952" ind1=" " ind2=" ">
    <subfield code="0">0</subfield>
    <subfield code="1">0</subfield>
    <subfield code="2">ddc</subfield>
    <subfield code="4">0</subfield>
    <subfield code="7">0</subfield>
    <subfield code="8">MBA</subfield>
    <subfield code="a">AIMIT</subfield>
    <subfield code="b">AIMIT</subfield>
    <subfield code="d">2017-03-09</subfield>
    <subfield code="g">425.00</subfield>
    <subfield code="i">Bill no:950; Bill dt:2017-03-07</subfield>
    <subfield code="l">0</subfield>
    <subfield code="o">332.12 KULP</subfield>
    <subfield code="p">MBA12737</subfield>
    <subfield code="r">2026-05-23 00:00:00</subfield>
    <subfield code="v">327.25</subfield>
    <subfield code="w">2021-07-16</subfield>
    <subfield code="y">BK</subfield>
  </datafield>
  <datafield tag="952" ind1=" " ind2=" ">
    <subfield code="0">0</subfield>
    <subfield code="1">0</subfield>
    <subfield code="2">ddc</subfield>
    <subfield code="4">0</subfield>
    <subfield code="7">0</subfield>
    <subfield code="8">MBA</subfield>
    <subfield code="a">AIMIT</subfield>
    <subfield code="b">AIMIT</subfield>
    <subfield code="d">2018-02-26</subfield>
    <subfield code="g">425.00</subfield>
    <subfield code="i">Bill no:4397; Bill dt:2018-02-24</subfield>
    <subfield code="l">0</subfield>
    <subfield code="o">332.12 KULP</subfield>
    <subfield code="p">MBA12997</subfield>
    <subfield code="r">2026-05-23 00:00:00</subfield>
    <subfield code="v">340.00</subfield>
    <subfield code="w">2021-07-16</subfield>
    <subfield code="y">BK</subfield>
  </datafield>
  <datafield tag="952" ind1=" " ind2=" ">
    <subfield code="0">0</subfield>
    <subfield code="1">0</subfield>
    <subfield code="2">ddc</subfield>
    <subfield code="4">0</subfield>
    <subfield code="7">0</subfield>
    <subfield code="8">MBA</subfield>
    <subfield code="a">AIMIT</subfield>
    <subfield code="b">AIMIT</subfield>
    <subfield code="d">2018-02-26</subfield>
    <subfield code="g">425.00</subfield>
    <subfield code="i">Bill no:4397; Bill dt:2018-02-24</subfield>
    <subfield code="l">0</subfield>
    <subfield code="o">332.12 KULP</subfield>
    <subfield code="p">MBA12998</subfield>
    <subfield code="r">2026-05-23 00:00:00</subfield>
    <subfield code="v">340.00</subfield>
    <subfield code="w">2021-07-16</subfield>
    <subfield code="y">BK</subfield>
  </datafield>
  <datafield tag="952" ind1=" " ind2=" ">
    <subfield code="0">0</subfield>
    <subfield code="1">0</subfield>
    <subfield code="2">ddc</subfield>
    <subfield code="4">0</subfield>
    <subfield code="7">0</subfield>
    <subfield code="8">MBA</subfield>
    <subfield code="a">AIMIT</subfield>
    <subfield code="b">AIMIT</subfield>
    <subfield code="d">2018-02-26</subfield>
    <subfield code="g">425.00</subfield>
    <subfield code="i">Bill no:4397; Bill dt:2018-02-24</subfield>
    <subfield code="l">0</subfield>
    <subfield code="o">332.12 KULP</subfield>
    <subfield code="p">MBA12999</subfield>
    <subfield code="r">2026-05-23 00:00:00</subfield>
    <subfield code="v">340.00</subfield>
    <subfield code="w">2021-07-16</subfield>
    <subfield code="y">BK</subfield>
  </datafield>
  <datafield tag="952" ind1=" " ind2=" ">
    <subfield code="0">0</subfield>
    <subfield code="1">0</subfield>
    <subfield code="2">ddc</subfield>
    <subfield code="4">0</subfield>
    <subfield code="7">0</subfield>
    <subfield code="8">MBA</subfield>
    <subfield code="a">AIMIT</subfield>
    <subfield code="b">AIMIT</subfield>
    <subfield code="d">2018-02-26</subfield>
    <subfield code="g">425.00</subfield>
    <subfield code="i">Bill no:4397; Bill dt:2018-02-24</subfield>
    <subfield code="l">0</subfield>
    <subfield code="o">332.12 KULP</subfield>
    <subfield code="p">MBA13000</subfield>
    <subfield code="r">2026-05-23 00:00:00</subfield>
    <subfield code="v">340.00</subfield>
    <subfield code="w">2021-07-16</subfield>
    <subfield code="y">BK</subfield>
  </datafield>
  <datafield tag="952" ind1=" " ind2=" ">
    <subfield code="0">0</subfield>
    <subfield code="1">0</subfield>
    <subfield code="2">ddc</subfield>
    <subfield code="4">0</subfield>
    <subfield code="7">3</subfield>
    <subfield code="8">MBA</subfield>
    <subfield code="a">AIMIT</subfield>
    <subfield code="b">AIMIT</subfield>
    <subfield code="d">2018-02-26</subfield>
    <subfield code="g">425.00</subfield>
    <subfield code="i">Bill no:4397; Bill dt:2018-02-24</subfield>
    <subfield code="l">0</subfield>
    <subfield code="o">332.12 KULP</subfield>
    <subfield code="p">MBA13001</subfield>
    <subfield code="r">2025-07-21 00:00:00</subfield>
    <subfield code="v">340.00</subfield>
    <subfield code="w">2021-07-16</subfield>
    <subfield code="y">BK</subfield>
  </datafield>
</record>
